A physician's diary of the atomic bombing and its aftermath
This publication is an English translation of the diary of the late Dr. Raisuke Shirabe, professor of surgery at Nagasaki Medical University. Handwritten in a hardcover B5-size notebook, the original diary begins on August 9, 1945, the day that an atomic bomb completely destroyed and burned the buil...
保存先:
| 第一著者: | |
|---|---|
| フォーマット: | 図書 |
| 言語: | Undetermined |
| 出版事項: |
Nagasaki
Nagasaki Association for the Hibakusha's Medical Care
2002
|
| 主題: | |
| タグ: |
タグ追加
タグなし, このレコードへの初めてのタグを付けませんか!
|
| Thư viện lưu trữ: | Trung tâm Học liệu Trường Đại học Cần Thơ |
|---|
| LEADER | 01399nam a2200217Ia 4500 | ||
|---|---|---|---|
| 001 | CTU_225034 | ||
| 008 | 210402s9999 xx 000 0 und d | ||
| 082 | |a 940.548252 | ||
| 082 | |b S558 | ||
| 100 | |a Shirabe, Raisuke | ||
| 245 | 2 | |a A physician's diary of the atomic bombing and its aftermath | |
| 245 | 0 | |c Raisuke Shirabe, M.D. ; translated by Aloysius F. Kuo, M.D. ; edited by Fidelius R. Kuo. | |
| 260 | |a Nagasaki | ||
| 260 | |b Nagasaki Association for the Hibakusha's Medical Care | ||
| 260 | |c 2002 | ||
| 520 | |a This publication is an English translation of the diary of the late Dr. Raisuke Shirabe, professor of surgery at Nagasaki Medical University. Handwritten in a hardcover B5-size notebook, the original diary begins on August 9, 1945, the day that an atomic bomb completely destroyed and burned the buildings of Nagasaki Medical University and killed approximately 900 faculty members, administrative staff and students, and it ends on October 26, 1945 with a clipping of a newspaper article reporting the re-establishment of Nagasaki Medical University | ||
| 650 | |a Chiến tranh thế giới, 1939-1945,World War, 1939-1945,Japan,Nhật Bản | ||
| 650 | |x Câu chuyện cá nhân, tiếng Nhật.,Personal narratives, Japanese. | ||
| 650 | |z Nagasaki-shi.,Nagasaki-shi. | ||
| 910 | |a Tuyến | ||
| 980 | |a Trung tâm Học liệu Trường Đại học Cần Thơ | ||